Southville International School and Colleges
Your cart is empty.
  • Cart
  • Lists
    Public lists Eva Luna New books Lux_list list_1
    Your lists Log in to create your own lists
  • Log in to your account
  • Your cookies
  • Search history
Southville International School and Colleges
  • Advanced search
  • Recent comments
  • Most popular
  • Libraries

Log in to your account

Log in with GOOGLE


If you do not have an external account, but do have a local account, you can still log in:

  1. Home
  2. MARC view: Jose Rizal
Normal view MARC view ISBD view

Jose Rizal (Record no. 17786)

[ view plain ]
MARC details
000 -LEADER
fixed length control field 01156cam a22003734a 4500
001 - CONTROL NUMBER
control field 15187661
003 - CONTROL NUMBER IDENTIFIER
control field OSt
005 - DATE AND TIME OF LATEST TRANSACTION
control field 20140310182945.0
008 - FIXED-LENGTH DATA ELEMENTS--GENERAL INFORMATION
fixed length control field 080221s2006 ph b 000 0deng
010 ## - LIBRARY OF CONGRESS CONTROL NUMBER
LC control number 2008313219
020 ## - INTERNATIONAL STANDARD BOOK NUMBER
International Standard Book Number 9789715845151
020 ## - INTERNATIONAL STANDARD BOOK NUMBER
International Standard Book Number 9715845150
040 ## - CATALOGING SOURCE
Original cataloging agency DLC
Transcribing agency DLC
Modifying agency DLC
042 ## - AUTHENTICATION CODE
Authentication code lcode
043 ## - GEOGRAPHIC AREA CODE
Geographic area code a-ph---
050 00 - LIBRARY OF CONGRESS CALL NUMBER
Classification number DS675.8
Item number .P282 2006
082 ## - DEWEY DECIMAL CLASSIFICATION NUMBER
-- FIL 920
Item number P26 2006
100 1# - MAIN ENTRY--PERSONAL NAME
Personal name Pasigui, Ronnie Espergal.
245 10 - TITLE STATEMENT
Title Jose Rizal
Remainder of title the man and the hero : an anthology of legacies and controversies
Statement of responsibility, etc Pasigu, Ronnie Espergal; Cabalu, Danilo Hipolito
260 ## - PUBLICATION, DISTRIBUTION, ETC. (IMPRINT)
Place of publication, distribution, etc Quezon City
Name of publisher, distributor, etc Published and distributed by C & E Pub.
Date of publication, distribution, etc c2006
300 ## - PHYSICAL DESCRIPTION
Extent 357 p.
Dimensions 23 cm.
504 ## - BIBLIOGRAPHY, ETC. NOTE
Bibliography, etc Includes bibliographical references (p. 353-357).
521 ## - TARGET AUDIENCE NOTE
Target audience note
526 ## - STUDY PROGRAM INFORMATION NOTE
Reading level 1210L-1700L
541 ## - IMMEDIATE SOURCE OF ACQUISITION NOTE
-- 1
541 ## - IMMEDIATE SOURCE OF ACQUISITION NOTE
-- 2
562 ## - COPY AND VERSION IDENTIFICATION NOTE
Number of copies 2
600 10 - SUBJECT ADDED ENTRY--PERSONAL NAME
Personal name Rizal, José,
Dates associated with a name 1861-1896.
651 #0 - SUBJECT ADDED ENTRY--GEOGRAPHIC NAME
Geographic name Philippines
General subdivision History
Chronological subdivision 1812-1898.
700 1# - ADDED ENTRY--PERSONAL NAME
Personal name Cabalu, Danilo Hipolito.
906 ## - LOCAL DATA ELEMENT F, LDF (RLIN)
a 7
b cbc
c origode
d 3
e ncip
f 20
g y-gencatlg
942 ## - ADDED ENTRY ELEMENTS (KOHA)
Source of classification or shelving scheme Library of Congress Classification
Koha item type Books
Call number prefix Filipininana
Holdings
Withdrawn status Lost status Source of classification or shelving scheme Damaged status Home library Current library Shelving location Date acquired Total Checkouts Total Renewals Full call number Barcode Date last seen Date checked out Copy number Price effective from Koha item type
    Library of Congress Classification   College Library College Library Filipiniana Section 02/05/2013 8 13 DS675.8 .P282 2006 c13104 11/12/2019 10/21/2019 1 02/05/2013 Books
    Library of Congress Classification   College Library College Library Filipiniana Section 05/07/2013 10 12 DS675.8 .P282 2006 c13103 03/15/2022 03/14/2022 2 05/07/2013 Books

Jose Rizal

APA

Pasigui R. E., Cabalu D. H., . (2006). Jose Rizal. Quezon City: Published and distributed by C & E Pub.

Chicago

Pasigui Ronnie Espergal, Cabalu Danilo Hipolito, . 2006. Jose Rizal. Quezon City: Published and distributed by C & E Pub.

Harvard

Pasigui R. E., Cabalu D. H., . (2006). Jose Rizal. Quezon City: Published and distributed by C & E Pub.

MLA

Pasigui Ronnie Espergal, Cabalu Danilo Hipolito, . Jose Rizal. Quezon City: Published and distributed by C & E Pub. 2006.

  • Place hold
  • Print
  • Cite
  • Add to your cart (remove)
  • Save record
    BIBTEX Dublin Core MARCXML MARC (non-Unicode/MARC-8) MARC (Unicode/UTF-8) MARC (Unicode/UTF-8, Standard) MODS (XML) RIS
  • More searches
    Search for this title in:
    Other Libraries (WorldCat) Other Databases (Google Scholar) Online Stores (Bookfinder.com) Open Library (openlibrary.org)

Exporting to Dublin Core...

SOUTHVILLE LIBRARY

Southville International School and Colleges Library

1281 Tropical Ave. Cor. Luxembourg St., BF Homes International, Las Pinas City

Tel. No. 8256374 / 252358 Loc. 117/146

Powered by Koha